'P' Cities by Picture Quiz Stats

 Plays Quiz Updated Dec 5, 2017

Challenge
Share
Tweet
Score 0/20 Timer 07:00
1 Play Today
% Correct
Paris, France
99.8%
Prague, Czechia
81%
Philadelphia, Pennsylvania, USA
80.9%
Pamplona, Spain
64.8%
Pyongyang, North Korea
62.5%
Perth, Australia
61.8%
Portland, Oregon, USA
60.4%
Pretoria, South Africa
56%
Pittsburgh, Pennsylvania, USA
51.7%
Port-au-Prince, Haiti
48.2%
% Correct
Phoenix, Arizona, USA
43.7%
Panama City, Panama
43.5%
Phnom Penh, Cambodia
42.5%
Portsmouth, United Kingdom
27.4%
Port Moresby, Papua New Guinea
26.1%
Podgorica, Montenegro
21.4%
Palermo, Italy
19.7%
Porto Alegre, Brazil
17.8%
Potsdam, Germany
13.4%
Port Said, Egypt
10.3%

You're not logged in!

Compare scores with friends on all Sporcle quizzes.
Join for Free
OR
Log In

You Might Also Like...

Show Comments

Extras

Top Quizzes Today


Score Distribution

Your Account Isn't Verified!

In order to create a playlist on Sporcle, you need to verify the email address you used during registration. Go to your Sporcle Settings to finish the process.

Report this User

Report this user for behavior that violates our Community Guidelines.

Details: